Using advanced algebra
Guardat en:
| Autors principals: | , , |
|---|---|
| Format: | Llibre |
| Idioma: | anglès |
| Publicat: |
River Forest
Laidlaw Brothers
1975
|
| Matèries: | |
| Etiquetes: |
Afegir etiqueta
Sense etiquetes, Sigues el primer a etiquetar aquest registre!
|
MARC
| LEADER | 00000nam a2200000 a 4500 | ||
|---|---|---|---|
| 001 | UCT3135 | ||
| 003 | CL-VaPUC | ||
| 008 | 961018e19750000US |||||||||||||||||eng|d | ||
| 082 | 0 | 4 | |a 512 |b TRA |2 21 |
| 100 | 0 | |a Travers, Kenneth J |e author |9 372087 | |
| 700 | 0 | |a Dalton, Leroy C |e author |9 372088 | |
| 700 | 0 | |a Brunner, Vincent F |e author |9 372089 | |
| 245 | 1 | 0 | |a Using advanced algebra |
| 300 | |a 622 p | ||
| 942 | |c BK | ||
| 945 | |d 19961018 00:00:00 |a paguirre | ||
| 260 | |a River Forest |b Laidlaw Brothers |c 1975 | ||
| 650 | 0 | |a Álgebra |9 259567 | |
| 650 | 0 | |a Matemática |9 260235 | |
| 650 | 0 | |a Polinomios |9 270626 | |
| 650 | 0 | |a Números |9 265328 | |
| 650 | 0 | |a Funciones |9 263869 | |
| 650 | 0 | |a Trigonometría |9 259568 | |
| 650 | 0 | |a Matrices |9 22 | |
| 650 | 0 | |a Ecuaciones |9 260137 | |
| 583 | |a last modification |c 19961018 00:00:00 |k Rodrigo Vera | ||
| 999 | |c 252918 |d 252916 | ||
| 952 | |0 0 |1 0 |4 0 |6 512_000000000000000_TRA_1975 |7 0 |8 A |9 273096 |a BIBMAT |b BIBMAT |d 2019-11-19 |i 1302930 |o 512 TRA 1975 |p 1302930 |r 2025-01-07 |w 2019-11-19 |y BK |k MAT | ||